Ortografía práctica de la lengua castellana, de acuerdo con los principios de la Real Academia Española

Gespeichert in:
Bibliographische Detailangaben
1. Verfasser: Pérez Martínez, Isidro .
Format: Buch
Sprache:Spanisch
Erschienen: La Habana : Imprenta y Librería La Moderna Poesía, 1926
Ausgabe:2ª ed.
Katalog:MANES:  Suchergebnis im Bibliothekskatalog
Schulbuchspezifische Eigenschaften:
Tags: Tag hinzufügen
Keine Tags, Fügen Sie den ersten Tag hinzu!
Hinzugefügt zu:09.02.2019
Geändert in:07.05.2025

MARC

LEADER 00000cam a2200000 4500
005 20250507134541.0
008 190210S1926 0cub h 0000 00spa0d
040 |a uned  |b spa  |c entro-manes 
041 0 |a spa 
100 2 |a Pérez Martínez, Isidro .  |9 40360 
245 1 0 |a Ortografía práctica de la lengua castellana, de acuerdo con los principios de la Real Academia Española  |c por Isidro Pérez Martínez 
250 |a 2ª ed. 
260 |a La Habana :  |b Imprenta y Librería "La Moderna Poesía",  |c 1926 
300 |a 296 p. 
546 |a España 
561 |5 es-BUNED  |3 L.T. 1829  |a España. Fondo Manes UNED  |k MANES 
690 0 |a LEN 
942 |2 ddc  |c BK 
999 |c 97039  |d 97039 
999 |c manes:97039  |d 97039